|
|
|
|
| LEADER |
00000nam0a2200000 4500 |
| 001 |
107907 |
| 005 |
20231031115446.0 |
| 035 |
|
|
|a (RuTPU)RU\TPU\book\116497
|
| 090 |
|
|
|a 107907
|
| 100 |
|
|
|a 20070110d1969 m y0rusy50 ca
|
| 101 |
0 |
|
|a rus
|
| 102 |
|
|
|a RU
|
| 105 |
|
|
|a a z 001zy
|
| 200 |
1 |
|
|a Абсорбция
|e лекции по курсу "Основные процессы и аппараты химической технологии"
|e учебное пособие
|f Ю. И. Дытнерский
|
| 210 |
|
|
|a Москва
|c Изд-во МХТИ
|d 1969
|
| 215 |
|
|
|a 107 с.
|c ил.
|
| 320 |
|
|
|a Библиогр.: с. 106.
|
| 610 |
1 |
|
|a абсорбция
|
| 610 |
1 |
|
|a статика
|
| 610 |
1 |
|
|a баланс
|
| 610 |
1 |
|
|a кинетика
|
| 610 |
1 |
|
|a абсорбционные аппараты
|
| 610 |
1 |
|
|a конструкции
|
| 610 |
1 |
|
|a абсорберы
|
| 610 |
1 |
|
|a расчет
|
| 610 |
1 |
|
|a схемы
|
| 610 |
1 |
|
|a лекции
|
| 610 |
1 |
|
|a учебные пособия
|
| 675 |
|
|
|a 66.09(075.8)
|v 3
|
| 700 |
|
1 |
|a Дытнерский
|b Ю. И.
|g Юрий Иосифович
|
| 712 |
0 |
2 |
|a Московский химико-технологический институт им. Д. И. Менделеева (МХТИ)
|2 stltpush
|3 (RuTPU)RU\TPU\col\1701
|
| 801 |
|
1 |
|a RU
|b 63413507
|c 20070110
|g PSBO
|
| 801 |
|
2 |
|a RU
|b 63413507
|c 20230220
|g PSBO
|
| 942 |
|
|
|c BK
|